• 首页
  • 本馆介绍
  • 公告通知
  • 最新文献
  • 馆藏检索
  • 电子资源
  • 读者导购
  • 参考咨询
  • 我的图书馆
  • 登录
  • 详细信息显示
  • 放入我的书架
  • 预约/预借图书
  • 作者相关作品
  • 分类相关作品
  • 丛书相关作品
  • 出版社相关作品

书目信息

  • 表格格式
  • 工作单格式
  • 卡片格式
题名:
时事资料手册
    
 
作者: ;半月谈编辑部 编
分册:  
出版信息: 北京   新华出版社  1982
页数: 185页
开本: 19cm
丛书名:
单 册:
中图分类: C62 , D-62
科图分类:
主题词: 时事政策教育--资料--手册 , 政治
电子资源:
ISBN:
000 00693nam0 2200265 45
001 0182006222
005 20040430102411.2
010    @dCNY0.50
091    @a3203.012
100    @a19950623d1982 emky0chiy0121 ea
101 0  @achi
102    @aCN@b110000
105    @ay z 000yy
106    @ar
200 10 @a时事资料手册@Ashi shi zi liao shou ce@f半月谈编辑部编
210    @a北京@c新华出版社@d1982
215    @a185页@d19cm
606    @a时事政策教育@x资料@x手册
606 0  @a政治
690    @aC62@v3 
690    @aD-62@v3
711 02 @a半月谈编辑部@Aban yue tan bian ji bu@4编
801  0 @aCN@b上海图书馆@c20040429
801  2 @aCN@bNLC@c20040429
905    @dD-62@e6@f2@b64632-633
    
    时事资料手册/半月谈编辑部编.-北京:新华出版社,1982
    185页;19cm
    
    
    ISBN :CNY0.50
    
●
相关链接 在E读中查询图书 在五车中查询图书 在当当中查询图书 在豆瓣中查询图书


正题名:时事资料手册     索取号:D-62/6         预约/预借

序号 登录号 条形码 馆藏地/架位号 状态 备注
1 0064632   001022912   第一借阅区/ [索取号:D-62/6] 在馆    
2 0064633   001022903   第一样本阅览室/ [索取号:D-62/6] 在馆    
3 0064634   001621267   密集书库/ [索取号:D-62/6] 在馆    
唐山师范学院图书馆 欢迎您!
大连网信软件有限公司© 版权所有